000
00296nam a22001217a 4500
008
180316b xxu||||| |||| 00| 0 eng d
041
_a
eng
080
_a
781
100
_a
45
101
_a
MUZ
245
_a
English, French, German and Italian Techniques of Singing
_c
Miller, R
942
_2
udc
_c
BK
999
_c
45264
_d
45264